000 00218 a2200109 4500
020 _a9781934617601
041 _aspa
100 _aEhrmantraut, Brenda
245 _aAtrapa la estrella
942 _cBK
999 _c29963
_d29961
999 _d29961